| 000 | 00417cam a22001457a 4500 | ||
|---|---|---|---|
| 008 | 180718b1982 xxu||||| |||| 00| 0 eng d | ||
| 082 | _aY15x54 Sa21 | ||
| 100 | _aSain, K. | ||
| 245 |
_aLand reforms and agricultural development _cby K. Sain |
||
| 260 |
_aDelhi _bAtlantic _c1982 |
||
| 300 | _a147p. | ||
| 650 | _aAgricultural development - India | ||
| 650 | _aLand use, Rural - India | ||
| 650 | _aLand tenure - India | ||
| 999 |
_c353133 _d353133 |
||